| 000 | 00512nam a2200193Ii 4500 | ||
|---|---|---|---|
| 003 | JO-AjNU | ||
| 008 | 230606s9999||||xx |||||||||||||| ||und|| | ||
| 020 | _a0-19-432767-1 | ||
| 040 |
_aJO-AjNU _beng _erda _cJO-AjNU |
||
| 041 | _aeng | ||
| 050 | 1 | 4 | _aPR9199 1974 |
| 100 | 3 |
_aGreen, Gordon, _eauthor _95850 |
|
| 245 | 0 | 0 | _aContrast |
| 264 | 3 | 1 | _aLondon: Oxford University, 1974 |
| 300 | _a152p | ||
| 336 |
_atext _btxt _2rdacontent |
||
| 337 |
_aunmediated _bn _2rdamedia |
||
| 338 |
_avolume _bnc _2rdacarrier |
||
| 999 |
_aE3034 _c3031 _d3031 |
||